000 00382nam a2200157Ia 4500
003 SSIC
005 20180213135408.0
008 180205s9999 xx 000 0 und d
020 _a9716420102
100 _aZaide, Sonia M.
245 _aWorld History /
250 _a3rd ed
260 _aQuezon City
_bAll-nations publishing Co.
_c1996
300 _a460 pages
942 _2lcc
_cBK
999 _c354708
_d354708